Online Catalogue and eLibrary

Gender and technology : (Record no. 232)

MARC details
000 -LEADER
fixed length control field 01007cam a2200265 a 4500
001 - CONTROL NUMBER
control field 4980624
005 - DATE AND TIME OF LATEST TRANSACTION
control field 20240130040232.0
008 - FIXED-LENGTH DATA ELEMENTS--GENERAL INFORMATION
fixed length control field 980618s1998 enka b 001 0 eng
020 ## - INTERNATIONAL STANDARD BOOK NUMBER
ISBN 1856496570
020 ## - INTERNATIONAL STANDARD BOOK NUMBER
ISBN 1856496589 (pbk.)
040 ## - CATALOGING SOURCE (பட்டியலாக்க மூலம்)
Original cataloging agency DLC
Transcribing agency DLC
Modifying agency DLC
082 00 - DDC Classification
Class No. 306.4
DDC Edition Number 21
Item Number - Author Mark GEN.
100 1# - MAIN ENTRY--PERSONAL NAME
Personal name Everts, Saskia Irene.
245 10 - TITLE STATEMENT
Title Gender and technology :
Remainder of title empowering women, engendering development /
Statement of responsibility, etc. Saskia Everts.
260 ## - PUBLICATION, DISTRIBUTION, ETC.
Place of publication, distribution, etc. London ;
-- New York :
Name of publisher, distributor, etc. Zed Books ;
Place of publication, distribution, etc. New York :
Name of publisher, distributor, etc. Distributed in the USA exclusively by St. Martin's Press,
Date of publication, distribution, etc. 1998.
300 ## - PHYSICAL DESCRIPTION
Extent (e.g. Volumes, Pages etc.) xviii, 171 p. :
500 ## - GENERAL NOTE
General note "Published in association with Tool Consult, Amsterdam"--Cover.
650 #0 - SUBJECT ADDED ENTRY--TOPICAL TERM
Topical term or geographic name entry element Women in development.
650 #0 - SUBJECT ADDED ENTRY--TOPICAL TERM
Topical term or geographic name entry element Technology transfer.
650 #0 - SUBJECT ADDED ENTRY--TOPICAL TERM
Topical term or geographic name entry element Women-owned business enterprises
856 42 - ELECTRONIC LOCATION AND ACCESS
Uniform Resource Identifier <a href="http://www.loc.gov/catdir/bios/hol058/98029912.html">http://www.loc.gov/catdir/bios/hol058/98029912.html</a>
856 42 - ELECTRONIC LOCATION AND ACCESS
Uniform Resource Identifier <a href="http://www.loc.gov/catdir/description/hol056/98029912.html">http://www.loc.gov/catdir/description/hol056/98029912.html</a>
856 41 - ELECTRONIC LOCATION AND ACCESS
Uniform Resource Identifier <a href="http://www.loc.gov/catdir/toc/hol052/98029912.html">http://www.loc.gov/catdir/toc/hol052/98029912.html</a>
942 ## - Koha item type (Biblio)
Koha item type Books in Stacks (Lending)
Holdings
Lost status Damaged status Collection code Home library Current library Date acquired Full call number Accession Number Item type
    Lending WERC Library WERC Library 01/30/2024 306.4 GEN. 6890 Books in Stacks (Lending)

© WERC Library